Απεικονιστική ανατομία του ανθρώπου = Imaging atlas of human anatomy
Αποθηκεύτηκε σε:
| Κύριος συγγραφέας: | |
|---|---|
| Άλλοι συγγραφείς: | , |
| Μορφή: | Βιβλίο |
| Γλώσσα: | Greek English |
| Δημοσίευση: |
Αθήνα :
Ιατρικές Εκδόσεις Π.Χ. Πασχαλίδης,
c2002.
|
| Έκδοση: | 2η έκδ. |
| Θέματα: | |
| Ετικέτες: |
Προσθήκη ετικέτας
Δεν υπάρχουν, Καταχωρήστε ετικέτα πρώτοι!
|
MARC
| LEADER | 00000cam a2200000 i 4500 | ||
|---|---|---|---|
| 001 | 1/12078 | ||
| 008 | 110221s2002####gr | | ||| |||| ||gre|| | ||
| 020 | |a 960-399-028-0 | ||
| 035 | |l 10109651 | ||
| 040 | |a GR-MY-UA |b gre |e aacr | ||
| 041 | 1 | |a gre |h eng | |
| 082 | 0 | |a 611.00222 |2 (22) | |
| 100 | 1 | |a Weir, Jamie. | |
| 245 | 1 | 0 | |a Απεικονιστική ανατομία του ανθρώπου = |b Imaging atlas of human anatomy / |c J. Weir, P.H. Abrahams ; with five contributors: M.D. Hourihan... [κ.ά.] ; επιμέλεια-μετάφραση: Γιάννης Σιάτιτσας ... [κ.ά.]. |
| 246 | 1 | |i Παράλληλος τίτλος: |a Imaging atlas of human anatomy | |
| 250 | |a 2η έκδ. | ||
| 260 | |a Αθήνα : |b Ιατρικές Εκδόσεις Π.Χ. Πασχαλίδης, |c c2002. | ||
| 300 | |a xiv, 207 σ. : |b εικ. ; |c 30 εκ. | ||
| 504 | |a Περιλαμβάνει ευρετήριο. | ||
| 650 | 0 | 0 | |a Human anatomy |x Atlases. |
| 650 | 0 | 0 | |a Diagnostic imaging |x Atlases. |
| 650 | 0 | 0 | |a Anatomy |x Atlases. |
| 700 | 1 | |a Abrahams, Peter H. | |
| 700 | 1 | |a Σιατίτσας, Γιάννης. |4 edt |4 trl | |
| 852 | |a INST |b SYROS |e 20110221 |h 611.00222 WEI |p 005500009336 |q 005500009336 |t BK |y 0 | ||
| 901 | |a BIBL5-2011-1 | ||
| 909 | |a Ε |b 166930 | ||
| 922 | |a 5ΕΛΗ |b 201011 |c ΒΙΒΛΙΟΘΗΚΗ ΣΥΡΟΥ |d Π. ΙΩΑΝΝΙΔΟΥ | ||
| 970 | |a ΚΟΝΤΟΥ |b ΠΑΡΑΣΚΕΥΗ |z 2011/02/18 | ||